000 00720cam a22002413a 4500
001 17975
003 PGUSA
005 20140828083401.0
008 060313s2006||||xxu|||||s|||||000 1 eng d
040 _aPGUSA
_beng
042 _adc
050 4 _aPG
100 1 _aTurgenev, Ivan Sergeevich,
_d1818-1883
245 1 0 _aKuningas Lear arolla
_h[electronic resource] /
_cIvan Sergeevich Turgenev
260 _bProject Gutenberg,
_c2006
506 _aPublic domain in the USA.
516 _aElectronic text
653 _aRussia -- Social life and customs -- Fiction
700 1 _aSuomalainen, Samuli,
_d1850-1907
830 0 _aProject Gutenberg
_v17975
856 4 0 _uhttp://www.gutenberg.org/ebooks/17975
942 _cEB
999 _c247230
_d247230